00598nam a2200181Ii 45000010008000000030004000080050017000120080041000290400013000700820015000831000045000982450110001432600065002533000018003185000019003365040026003556500035003812723591OSt20181206173449.0770207r19611971nbu 001 0 eng d aCDCcCDC a230bT757K1 aTozer, A. W.q(Aiden Wilson),d1897-196314aThe knowledge of the holy :bthe attributes of God: their meaning in the Christian life /cby A. W. Tozer aLincoln, Neb. :bBack To the Bible Broadcast,c[1971, c1961] a128 p.c21 cm aIncludes index aIncludes bibilography 0aGod (Christianity)xAttributes